Statistiques concernant Formes de pays n°2

Cliquez ici pour prendre le quiz!

Statistiques générales

  • Ce quiz a été pris 18,403 fois
  • Le résultat moyen est 12 sur 16

Statistiques - réponses

Answer % Correct
Canada
97%
Chili
93%
Espagne
90%
Russie
87%
Islande
78%
Grèce
76%
Viêt Nam
73%
Afrique du Sud
73%
Autriche
72%
Turquie
71%
Nouvelle-Zélande
70%
Philippines
68%
Cuba
65%
Libye
56%
Arabie Saoudite
51%
Afghanistan
32%

Distribution des résultats

Percentile par nombre de réponses

% des personnes avec chaque résultat

Votre développement - résultats

Vous n’avez pas pris ce quiz